[Event "Reykjavik Open 2025"]
[Site "Reykjavik"]
[Date "2025.04.14"]
[Round "8.157"]
[White "Halldorsson, Karma"]
[Black "Magnusson, Gisli"]
[Result "1-0"]
[WhiteElo "1654"]
[WhiteFideId "2324822"]
[BlackElo "1857"]
[BlackFideId "1437330"]
[Variant "Standard"]
[StudyName "Ropen 2025 - Rd8 - Boards 109-172"]
1. e4 c5 2. b3 Nc6 3. Bb2 d6 4. Nf3 Nf6 5. Nc3 g6 6. Nd5 e5 7. Nxf6+ Qxf6 8. Bc4 Rb8 9. a4 a6 10. Qe2 Bd7 11. O-O Bg7 12. d3 O-O 13. Nd2 Nd4 14. Bxd4 cxd4 15. Qf3 Qg5 16. Qe2 Bc6 17. b4 b5 18. axb5 axb5 19. Bb3 Ra8 20. Ra5 Rxa5 21. bxa5 Ra8 22. Ra1 Qd8 23. Qg4 Bd7 24. Qf3 Be8 25. Qg4 Bh6 26. Bd5 Bxd2 27. Bxa8 Qxa8 28. a6 Bb4 29. Qg5 Bc5 30. Qe7 Bc6 31. a7 Bb7 32. Qxb7 Qxb7 33. a8=Q+ Qxa8 34. Rxa8+ Kg7 35. Kf1 Kf6 36. Ke2 Ke6 37. g4 Kf6 38. Rb8 b4 39. Rb7 g5 40. Kd2 Ke6 41. Kc1 Kf6 42. Kb2 Ke6 43. Kb3 Kf6 44. Kc4 Ke6 45. Kb5 Kf6 46. Kc6 Ke6 47. f3 Kf6 48. Kd7 Kg6 49. Ke8 f6 50. h3 1-0

[Event "Reykjavik Open 2025"]
[Site "Reykjavik"]
[Date "2025.04.14"]
[Round "8.159"]
[White "Borne, Maxim"]
[Black "Rajkumar, Daniel"]
[Result "0-1"]
[WhiteElo "1569"]
[WhiteFideId "652011933"]
[BlackElo "1855"]
[BlackFideId "143105003"]
[Variant "Standard"]
[StudyName "Ropen 2025 - Rd8 - Boards 109-172"]
1. d4 Nf6 2. c4 e6 3. Nf3 b6 4. g3 Bb7 5. Bg2 Be7 6. O-O O-O 7. Nc3 d5 8. cxd5 exd5 9. Bf4 c6 10. Rc1 Nbd7 11. a3 Re8 12. b4 a6 13. Qb3 b5 14. Nd2 Nb6 15. Qa2 Nh5 16. Nb3 Nxf4 17. gxf4 Nc4 18. Nc5 Bxc5 19. dxc5 Qh4 20. e3 Re6 21. f5 Rh6 22. h3 Bc8 23. Ne2 Bxf5 24. Rfd1 Bxh3 25. Ng3 Bxg2 26. Kxg2 Nxe3+ 27. Kf3 Nxd1 28. Rxd1 Re8 29. Rh1 Qf6+ 30. Kg2 Rxh1 31. Kxh1 Qf3+ 32. Kh2 h5 33. Qd2 h4 0-1

[Event "Reykjavik Open 2025"]
[Site "Reykjavik"]
[Date "2025.04.14"]
[Round "8.162"]
[White "Grigoriev, Dmitriy"]
[Black "Jacobs, Simon"]
[Result "1-0"]
[WhiteElo "1997"]
[WhiteFideId "34181676"]
[BlackElo "1754"]
[BlackFideId "343440673"]
[Variant "Standard"]
[StudyName "Ropen 2025 - Rd8 - Boards 109-172"]
1. e4 c6 2. d4 d5 3. e5 c5 4. Nc3 Nc6 5. Bb5 cxd4 6. Qxd4 a6 7. Bxc6+ bxc6 8. Nge2 e6 9. h4 f6 10. exf6 Nxf6 11. O-O Bd6 12. Bf4 O-O 13. Rae1 c5 14. Qd3 e5 15. Bg5 e4 16. Qd1 Bb7 17. Nxd5 Bxd5 18. Bxf6 Rxf6 19. Qxd5+ Kh8 20. Qxe4 Rh6 21. g3 g5 22. hxg5 Rg6 23. Rd1 Rxg5 24. Rxd6 1-0

[Event "Reykjavik Open 2025"]
[Site "Reykjavik"]
[Date "2025.04.14"]
[Round "8.163"]
[White "Toth, Kincso"]
[Black "Gulyas, Adam Ferenc"]
[Result "1-0"]
[WhiteElo "1881"]
[WhiteFideId "17003857"]
[BlackElo "1722"]
[BlackFideId "2330059"]
[Variant "Standard"]
[StudyName "Ropen 2025 - Rd8 - Boards 109-172"]
1. e4 e5 2. Nf3 Nc6 3. Nc3 Nf6 4. d4 exd4 5. Nxd4 Bb4 6. Nxc6 bxc6 7. Bd3 d5 8. O-O O-O 9. exd5 cxd5 10. Bd2 c6 11. h3 Re8 12. a3 Bd6 13. Qf3 Rb8 14. b4 Bd7 15. Rfe1 Qc7 16. Rab1 c5 17. Nxd5 Nxd5 18. Qxd5 cxb4 19. Rxe8+ Bxe8 20. axb4 Bc6 21. Qh5 g6 22. Qg4 Qe7 23. Bc3 Rd8 24. Re1 Qf8 25. Qg5 Re8 26. Rxe8 Qxe8 27. Qf6 1-0

[Event "Reykjavik Open 2025"]
[Site "Reykjavik"]
[Date "2025.04.14"]
[Round "8.164"]
[White "Hardwick, Hugo"]
[Black "Noer, Andreas"]
[Result "0-1"]
[WhiteElo "1873"]
[WhiteFideId "1767569"]
[BlackElo "1701"]
[BlackFideId "1571095"]
[Variant "Standard"]
[StudyName "Ropen 2025 - Rd8 - Boards 109-172"]
1. d4 d5 2. c4 e5 3. dxe5 d4 4. Nf3 Nc6 5. a3 a5 6. g3 Nge7 7. b3 Ng6 8. Bb2 Bc5 9. Qd3 O-O 10. Bg2 Ngxe5 11. Nxe5 Nxe5 12. Qd2 Qd6 13. O-O Bf5 14. Qf4 Bg6 15. e3 Rfd8 16. Rd1 Nd3 17. Qxd6 Rxd6 18. Bxd4 Bxd4 19. exd4 Rxd4 20. Nc3 c6 21. Ne2 Rdd8 22. f4 Bh5 23. Rd2 Nc5 24. Nd4 Rxd4 25. Rxd4 Nxb3 26. Rad1 Nxd4 27. Rxd4 Rb8 28. c5 Kf8 29. Kf2 f6 30. Ra4 Ra8 31. Bh3 Be8 32. Ke3 Bf7 33. Bf5 h6 34. Be4 Re8 35. Kd3 Ra8 36. f5 Ke7 37. g4 Kd7 38. Kc3 Kc7 39. Rd4 Re8 40. Ra4 Re5 41. Kd4 b6 42. cxb6+ Kxb6 43. Kd3 c5 44. Bg2 c4+ 45. Kc3 Kb5 46. Kb2 0-1

[Event "Reykjavik Open 2025"]
[Site "Reykjavik"]
[Date "2025.04.14"]
[Round "8.165"]
[White "Hafthorsson, Jon Ulfur"]
[Black "Le Pen, Michel"]
[Result "1/2-1/2"]
[WhiteElo "1872"]
[WhiteFideId "2323206"]
[BlackElo "1668"]
[BlackFideId "656330"]
[Variant "Standard"]
[StudyName "Ropen 2025 - Rd8 - Boards 109-172"]
1. b3 d5 2. Bb2 Nc6 3. Nf3 Bf5 4. e3 Nf6 5. Be2 e6 6. O-O Bd6 7. a3 O-O 8. Nh4 Bg6 9. Nxg6 fxg6 10. d4 Ne4 11. Nd2 Bxh2+ 12. Kxh2 Nxf2 13. Rxf2 Qh4+ 14. Kg1 Qxf2+ 15. Kh1 Qh4+ 16. Kg1 Qf2+ 17. Kh1 Qh4+ 18. Kg1 1/2-1/2

[Event "Reykjavik Open 2025"]
[Site "Reykjavik"]
[Date "2025.04.14"]
[Round "8.166"]
[White "Donath, Simon"]
[Black "Hallsson, Jon Eggert"]
[Result "1-0"]
[WhiteElo "1761"]
[WhiteFideId "34618180"]
[BlackElo "1869"]
[BlackFideId "2311569"]
[Variant "Standard"]
[StudyName "Ropen 2025 - Rd8 - Boards 109-172"]
1. e4 e6 2. d4 d5 3. Nd2 Nf6 4. e5 Nfd7 5. Bd3 (5. Ngf3 c5 6. c3 Nc6 7. Be2) 5... c5 6. c3 Nc6 7. Ne2 cxd4 8. cxd4 f6 9. exf6 Nxf6 10. Nf3 Bd6 11. O-O O-O 12. Bg5 Qc7 13. Qc2 h6 14. Bh4 Nh5 15. Bg3 (15. Bg6) 15... Nxg3 16. Nxg3 Qe7 17. Rfe1 Nb4 (17... Bb4) 18. Bh7+ Kh8 19. Qb1 Bd7 20. Nf5 Rxf5 21. Bxf5 Rf8 22. Ne5 Bxe5 23. Rxe5 Nc6 24. Bd3 Nxe5 25. dxe5 Qg5 26. Qe1 Rc8 27. g3 Rf8 28. Qb4 Rf3 29. Be2 Rf7 30. Qxb7 Qxe5 31. Bd3 Qd6 32. Rc1 g5 33. Bg6 Rf8 34. Rc7 Rd8 35. Qxa7 d4 36. Be8 Rc8 37. Rxd7 Rc1+ 38. Kg2 Qc6+ 39. Kh3 Qe4 40. Qxd4+ Qxd4 41. Rxd4 Rc2 42. a4 Rxb2 43. Kg2 Kg7 44. Rd6 Kf6 45. Bd7 Ke7 46. Rxe6+ Kxd7 { [%csl Gg4,Gg6] } 47. Rxh6 (47. g4) 47... g4 48. Rg6 Rb4 49. a5 Ra4 50. a6 Ke7 51. a7 Kf7 52. Rxg4 Rxa7 53. h4 Ra1 54. Rg5 Ra8 55. h5 Kf6 56. f4 { [%csl Gh6] } 1-0

[Event "Reykjavik Open 2025"]
[Site "Reykjavik"]
[Date "2025.04.14"]
[Round "8.167"]
[White "Jonsson, Olafur Gisli"]
[Black "Alguno Openia, Tristan Nash"]
[Result "0-1"]
[WhiteElo "1856"]
[WhiteFideId "2302705"]
[BlackElo "1624"]
[BlackFideId "2330180"]
[Variant "Standard"]
[StudyName "Ropen 2025 - Rd8 - Boards 109-172"]
1. Nf3 Nf6 2. c4 e6 3. Nc3 Be7 4. e3 O-O 5. b3 b6 6. Bb2 Bb7 7. h4 d6 8. Qb1 Nbd7 9. Ng5 h6 10. Rh3 Ne5 11. d4 Ned7 12. Qc2 d5 13. Nf3 Ne4 14. O-O-O Bb4 15. g4 Nxc3 16. Bxc3 Bxc3 17. Qxc3 dxc4 18. g5 Bxf3 19. Rxf3 hxg5 20. hxg5 cxb3 21. Bc4 bxa2 22. Rh1 Qxg5 23. Rfh3 g6 24. Rh8+ Kg7 25. d5+ Qe5 26. R8h7+ Kf6 27. Qxe5+ Kxe5 28. Bxa2 exd5 29. Rd1 Nf6 30. Rh4 Rfd8 31. Rg1 Rh8 32. Rg5+ Ke6 33. Rd4 c6 34. e4 Rad8 35. f4 Rh4 36. Re5+ Kd6 37. exd5 c5 38. Rd3 Rxf4 39. Re2 Re8 40. Rxe8 Nxe8 41. Ra3 Nc7 0-1

[Event "Reykjavik Open 2025"]
[Site "Reykjavik"]
[Date "2025.04.14"]
[Round "8.168"]
[White "Moseley, Alan"]
[Black "Bjarnason, Kristinn"]
[Result "1-0"]
[WhiteElo "1760"]
[WhiteFideId "30963311"]
[BlackElo "1849"]
[BlackFideId "2323028"]
[Variant "Standard"]
[StudyName "Ropen 2025 - Rd8 - Boards 109-172"]
1. d4 d5 2. c4 c6 3. cxd5 cxd5 4. Bg5 Nc6 5. Nc3 h6 6. Bh4 g5 7. Bg3 Nf6 8. e3 a6 9. Bd3 e6 10. Nf3 Nh5 11. Be5 Nxe5 12. dxe5 Be7 13. Nd4 Ng7 14. Qc2 Bd7 15. O-O O-O 16. f4 g4 17. Qe2 f5 18. exf6 Rxf6 19. Rad1 h5 20. Bb1 Ne8 21. f5 Qc8 22. fxe6 Rxf1+ 23. Rxf1 Bxe6 24. Nxe6 Qxe6 25. Qd3 Qh6 26. Qxd5+ Kh8 27. Qe4 Bg5 28. Nd5 Qg7 29. Rf8+ 1-0

[Event "Reykjavik Open 2025"]
[Site "Reykjavik"]
[Date "2025.04.14"]
[Round "8.169"]
[White "Carr, Jay"]
[Black "Ernisson, Petur Ulfar"]
[Result "1/2-1/2"]
[WhiteElo "1843"]
[WhiteFideId "30922690"]
[BlackElo "1602"]
[BlackFideId "2326116"]
[Variant "Standard"]
[StudyName "Ropen 2025 - Rd8 - Boards 109-172"]
1. Nf3 Nf6 2. b3 d5 3. Bb2 c5 4. e3 Nc6 5. Bb5 Bg4 6. h3 Bxf3 7. Qxf3 a6 8. Bxc6+ bxc6 9. O-O e6 10. d3 Be7 11. Nd2 Rg8 12. e4 g5 13. e5 Nd7 14. Qh5 Rg7 15. Rae1 Qa5 16. Qe2 Nf8 17. a4 Ng6 18. g3 h5 19. Kg2 Kd7 20. Nf3 g4 21. Nh2 gxh3+ 22. Kh1 h4 23. g4 Bg5 24. Bc1 Bxc1 25. Rxc1 Qc3 26. f4 Re8 27. Rce1 Rgg8 28. Rf3 Qd4 29. Qd2 Qb4 30. Qf2 Qd4 31. Qd2 Qb4 32. Qf2 Qd4 33. Qd2 1/2-1/2

[Event "Reykjavik Open 2025"]
[Site "Reykjavik"]
[Date "2025.04.14"]
[Round "8.170"]
[White "Gudjonsson, Anton Vignir"]
[Black "Dembele, Marcel"]
[Result "0-1"]
[WhiteElo "1750"]
[WhiteFideId "2323664"]
[BlackElo "1837"]
[BlackFideId "45135657"]
[Variant "Standard"]
[StudyName "Ropen 2025 - Rd8 - Boards 109-172"]
1. d4 Nf6 2. Bf4 g6 3. e3 Bg7 4. Nf3 O-O 5. c3 d6 6. Be2 Nbd7 7. h3 c5 8. Nbd2 cxd4 9. cxd4 e5 10. dxe5 dxe5 11. Nxe5 Nd5 12. Ndf3 Nxf4 13. exf4 Nxe5 14. Nxe5 Qf6 15. O-O Qxf4 16. Nd3 Qg5 17. Bg4 f5 18. Qb3+ Kh8 19. Bf3 f4 20. Bxb7 Rb8 21. Qd5 Rf5 22. Qd6 Rxb7 23. Rac1 Rf8 24. Rc5 Qd8 25. Qxd8 Rxd8 26. Nxf4 Rxb2 27. g4 Bd4 28. Rc6 Rxa2 29. Nd3 Ba6 30. Rd1 Bxd3 0-1

[Event "Reykjavik Open 2025"]
[Site "Reykjavik"]
[Date "2025.04.14"]
[Round "8.171"]
[White "Sharf, Sam"]
[Black "Dale, Svein"]
[Result "1-0"]
[WhiteElo "1702"]
[WhiteFideId "39900380"]
[BlackElo "1821"]
[BlackFideId "1523120"]
[Variant "Standard"]
[StudyName "Ropen 2025 - Rd8 - Boards 109-172"]
1. d4 Nf6 2. c4 c5 3. d5 e5 4. Nc3 d6 5. e4 g6 6. Be2 Bg7 7. Be3 O-O 8. h4 h5 9. Nf3 Ng4 10. Bg5 f6 11. Bd2 Re8 12. Ng1 f5 13. Bg5 Qb6 14. Qd2 f4 15. Bxg4 Bxg4 16. f3 Bc8 17. Nh3 Nd7 18. g3 fxg3 19. O-O-O Nf8 20. Ne2 Qa6 21. Kb1 b5 22. cxb5 Qxb5 23. Nxg3 Bxh3 24. Rxh3 Rab8 25. Rh2 a5 26. Rg2 a4 27. Nxh5 a3 28. Nxg7 Kxg7 29. Bh6+ Kh7 30. Qg5 Qd7 31. Bxf8 Rxb2+ 32. Rxb2 axb2 33. Qh6+ Kg8 34. Rg1 1-0

[Event "Reykjavik Open 2025"]
[Site "Reykjavik"]
[Date "2025.04.14"]
[Round "8.172"]
[White "Bourassa, Louis"]
[Black "Martin, Alix"]
[Result "1/2-1/2"]
[WhiteElo "1688"]
[WhiteFideId "2624443"]
[BlackElo "1807"]
[BlackFideId "45184186"]
[Variant "Standard"]
[StudyName "Ropen 2025 - Rd8 - Boards 109-172"]
1. e4 e5 2. Nc3 Nf6 3. f4 d5 4. fxe5 Nxe4 5. d3 Nxc3 6. bxc3 d4 7. Nf3 c5 8. Be2 Nc6 9. O-O Be7 10. Qe1 O-O 11. Qg3 Re8 12. c4 Bf5 13. h4 Bg6 14. Bd2 Bf8 15. Rae1 Re6 16. Bd1 h5 17. Ng5 Re7 18. Bf4 Qe8 19. Bf3 Rc8 20. Bd5 Nb4 21. Qf2 Nxa2 22. Be4 Bxe4 23. Nxe4 Re6 24. Nd6 Bxd6 25. exd6 Nb4 26. Bg5 Qd7 27. Be7 f6 28. Qf5 Rxe7 29. dxe7 Qxf5 30. Rxf5 Re8 31. Re2 b6 32. Rd5 Kf7 33. Rd7 Nc6 34. Rc7 Rxe7 35. Rexe7+ Nxe7 36. Rxa7 Ke6 37. Rb7 Nf5 38. Rxb6+ Kd7 39. Rb7+ Kc6 40. Rf7 Ne3 41. Rxg7 Nxc2 42. Rf7 Ne1 43. Rxf6+ Kd7 44. Rf5 Nxd3 45. Rxh5 Ke6 46. Kf1 Ne5 47. Rxe5+ Kxe5 48. g4 Kf4 49. h5 Kg5 50. Ke2 Kh6 51. Kf3 Kg5 52. Ke4 Kh6 53. Kf4 Kh7 54. g5 Kg7 55. Ke4 Kh7 56. g6+ Kg7 57. Kf4 Kh6 58. Kf3 Kg7 59. Ke4 Kf6 60. Kf4 Kg7 1/2-1/2

[Event "Reykjavik Open 2025"]
[Site "Reykjavik"]
[Date "2025.04.14"]
[Round "8.173"]
[White "Bulva, Maksim"]
[Black "Hauksson, Helgi"]
[Result "1-0"]
[WhiteElo "1660"]
[WhiteFideId "54140110"]
[BlackElo "1804"]
[BlackFideId "2305593"]
[Variant "Standard"]
[StudyName "ROpen 2025 - Rd8 - Boards 173-END"]
1. e4 Nf6 2. Nc3 d5 3. e5 d4 4. exf6 dxc3 5. fxg7 cxd2+ 6. Qxd2 Qxd2+ 7. Bxd2 Bxg7 8. O-O-O Bf5 9. Nf3 Nd7 10. Bc4 h6 11. Rhe1 e6 12. Be3 Bf6 13. Bd4 Bg4 14. Bxf6 Nxf6 15. Rd3 Bxf3 16. Rxf3 Ke7 17. h3 c6 18. a4 Rad8 19. Rd3 Rd6 20. Rxd6 Kxd6 21. Rd1+ Kc5 22. b3 Rg8 23. g3 a6 24. Be2 b5 25. axb5 axb5 26. Bf3 b4 27. Rd3 Ra8 28. Kb2 Rg8 29. c3 Rc8 30. cxb4+ Kxb4 31. Rd4+ Kb5 32. Rf4 Nd7 33. Rxf7 Ne5 34. Be2+ Kc5 35. Rf6 Rd8 36. Kc3 h5 37. Rxe6 Kd5 38. Rh6 Rf8 39. f4 1-0

[Event "Reykjavik Open 2025"]
[Site "Reykjavik"]
[Date "2025.04.14"]
[Round "8.174"]
[White "Osorio Ferrer, Roberto Eduardo"]
[Black "Jonsdottir, Katrin Maria"]
[Result "1/2-1/2"]
[WhiteElo "1803"]
[WhiteFideId "3964612"]
[BlackElo "1565"]
[BlackFideId "2316706"]
[Variant "Standard"]
[StudyName "ROpen 2025 - Rd8 - Boards 173-END"]
1. e4 c5 2. Nf3 Nc6 3. d4 cxd4 4. Nxd4 e6 5. Nc3 a6 6. Nxc6 bxc6 7. Bd3 Bc5 8. O-O Qc7 9. Qg4 g6 10. Bg5 f6 11. Bh4 Bb7 12. Rae1 O-O-O 13. Qe2 g5 14. Bg3 e5 15. Kh1 h5 16. f3 Ne7 17. Bxa6 Ng6 18. Bxb7+ Qxb7 19. Qc4 Qb6 20. Na4 Qb4 21. Qxc5 Qxa4 22. Re3 Qb5 23. Qxb5 cxb5 24. Rb3 Kc7 25. Rxb5 Ra8 26. a3 Rhb8 27. Rxb8 Rxb8 28. b3 Kd8 29. Rd1 Rc8 30. c4 Nf4 31. Bxf4 gxf4 32. Kg1 Ra8 33. a4 Rb8 34. Rb1 Ra8 35. Kf1 Kc7 36. Ke2 Rg8 37. Kf2 Kb6 38. b4 Rc8 39. a5+ Ka6 40. b5+ Kxa5 41. b6 Rb8 42. c5 d6 43. cxd6 Rxb6 44. Rxb6 Kxb6 45. d7 Kc7 46. d8=Q+ Kxd8 47. g3 Ke7 48. Kg2 fxg3 49. Kxg3 Kf7 50. f4 Kg6 51. Kf3 Kf7 52. f5 Ke7 53. Kg3 Kd6 54. Kh4 Kc5 55. Kxh5 Kd4 56. Kg6 Kxe4 57. Kxf6 Kd4 58. Kg5 e4 59. f6 e3 60. f7 e2 61. f8=Q e1=Q 62. Qd6+ Kc4 63. Qf4+ Kc5 64. h4 Qe7+ 65. Kg4 Qe2+ 66. Kf5 Qc2+ 67. Kf6 Qa2 68. h5 Qa6+ 69. Kg7 Qa1+ 70. Kg8 Qa2+ 71. Qf7 Qg2+ 72. Qg6 Qa2+ 73. Kh7 Qa7+ 74. Qg7 Qa2 75. Qe5+ Kb4 76. Qd4+ Kb5 77. Kg7 Qg2+ 78. Kf6 Qf3+ 79. Kg5 Qg2+ 80. Qg4 Qd2+ 81. Kg6 Qd6+ 82. Kh7 Qc7+ 83. Kg8 Qd8+ 84. Kf7 Qc7+ 85. Kf6 Qd8+ 86. Kg7 Qc7+ 87. Kh6 Qc6+ 88. Qg6 Qc8 89. Qb1+ Ka5 90. Qa2+ Kb4 91. Qd2+ Ka4 92. Qd4+ Ka3 93. Qa7+ Kb4 94. Qb6+ Ka3 95. Kg5 Qc1+ 96. Kf5 Qf1+ 97. Ke4 Qh1+ 98. Kd3 Qxh5 1/2-1/2

[Event "Reykjavik Open 2025"]
[Site "Reykjavik"]
[Date "2025.04.14"]
[Round "8.175"]
[White "Grenier, Jean-Luc"]
[Black "Proudfoot, Andy"]
[Result "1/2-1/2"]
[WhiteElo "1798"]
[WhiteFideId "2634864"]
[BlackElo "1568"]
[BlackFideId "487910"]
[Variant "Standard"]
[StudyName "ROpen 2025 - Rd8 - Boards 173-END"]
1. e4 d5 2. exd5 Nf6 3. d4 Bg4 4. Be2 Bxe2 5. Qxe2 Qxd5 6. Nf3 e6 7. O-O Bd6 8. Bg5 Nbd7 9. c4 Qe4 10. Re1 Qxe2 11. Rxe2 O-O 12. Nc3 c6 13. Ne5 Rfe8 14. Rae1 Bb4 15. Bf4 Nxe5 16. dxe5 Bxc3 17. bxc3 Nd7 18. Rd1 Nb6 19. Red2 Nxc4 20. Rd7 Nb6 21. Rxb7 Red8 22. Rxd8+ Rxd8 23. Kf1 Na4 24. Rxa7 Nxc3 25. f3 h6 26. Be3 Rd1+ 27. Kf2 Nd5 28. a4 Nxe3 29. Kxe3 c5 30. a5 c4 31. a6 c3 32. Rc7 Ra1 33. a7 c2 34. Kd2 c1=Q+ 35. Rxc1 1/2-1/2

[Event "Reykjavik Open 2025"]
[Site "Reykjavik"]
[Date "2025.04.14"]
[Round "8.176"]
[White "Seshadri, Sridhar"]
[Black "Alkin, Mert"]
[Result "1-0"]
[WhiteElo "1623"]
[WhiteFideId "30913942"]
[BlackElo "1795"]
[BlackFideId "34665005"]
[Variant "Standard"]
[StudyName "ROpen 2025 - Rd8 - Boards 173-END"]
1. c4 e5 2. e4 Bc5 3. Nc3 Nf6 4. h3 O-O 5. d3 h6 6. Nge2 Re8 7. g3 d6 8. Bg2 c6 9. O-O a6 10. a4 a5 11. Kh2 Be6 12. Be3 Nbd7 13. Rb1 Qb6 14. Bxc5 Nxc5 15. b3 Na6 16. f4 Nb4 17. d4 exd4 18. Nxd4 Bd7 19. Qd2 Rad8 20. Rbd1 Bc8 21. Qf2 Bg4 22. Bf3 Bxf3 23. Qxf3 d5 24. cxd5 cxd5 25. e5 Nd7 26. Ncb5 Nc5 27. Nd6 Re7 28. N4f5 Re6 29. Nd4 Re7 30. Qg4 h5 31. Qg5 f6 32. Qxh5 Rxd6 33. exd6 Re4 34. Nf5 Nd7 35. Ne7+ Kf8 36. Qh8+ Kf7 37. Qg8# 1-0

[Event "Reykjavik Open 2025"]
[Site "Reykjavik"]
[Date "2025.04.14"]
[Round "8.177"]
[White "Vedant, Nayudu"]
[Black "Steingrimsson, Bjorgvin"]
[Result "1-0"]
[WhiteElo "1789"]
[WhiteFideId "33369780"]
[BlackElo "1564"]
[BlackFideId "2316617"]
[Variant "Standard"]
[StudyName "ROpen 2025 - Rd8 - Boards 173-END"]
1. e4 e5 2. Nf3 Nc6 3. Bc4 Bc5 4. O-O Nf6 5. d3 h6 6. Nc3 O-O 7. Na4 Qe7 8. Nxc5 Qxc5 9. Be3 Qe7 10. h3 d6 11. Qd2 Kh7 12. Nh2 Rg8 13. f4 exf4 14. Rxf4 g5 15. Rf2 Ne5 16. Bb3 Be6 17. Raf1 Rg6 18. Nf3 Nxf3+ 19. Rxf3 c5 20. Qc3 Bxb3 21. axb3 Kg7 22. Rf5 b5 23. e5 dxe5 24. Bxc5 Qd7 25. Rxf6 Rxf6 26. Qxe5 Qe6 27. Bd4 Qxe5 28. Bxe5 Kg8 29. Rxf6 Re8 30. d4 Re7 31. Rxh6 f6 32. Rxf6 1-0

[Event "Reykjavik Open 2025"]
[Site "Reykjavik"]
[Date "2025.04.14"]
[Round "8.178"]
[White "Leosson, Tomas Sindri"]
[Black "Wahono, Richard"]
[Result "0-1"]
[WhiteElo "1638"]
[WhiteFideId "2325764"]
[BlackElo "1775"]
[BlackFideId "34647236"]
[Variant "Standard"]
[StudyName "ROpen 2025 - Rd8 - Boards 173-END"]
1. e4 e6 2. d4 d5 3. exd5 exd5 4. Bd3 c5 5. c3 Nc6 6. Ne2 Nf6 7. Bf4 Qb6 8. b3 cxd4 9. cxd4 Bb4+ 10. Kf1 Bd7 11. a3 Be7 12. Bc2 O-O 13. Nbc3 Rfd8 14. Na4 Qa6 15. Bd3 b5 16. Nac3 Qb7 17. Bxb5 a6 18. Bd3 Rac8 19. b4 Nxd4 20. Nxd4 Rxc3 21. Nf5 Rxd3 22. Nxe7+ Kh8 23. Qe1 Bb5 24. Kg1 Re8 25. Bd6 Ne4 26. a4 Nxd6 0-1

[Event "Reykjavik Open 2025"]
[Site "Reykjavik"]
[Date "2025.04.14"]
[Round "8.179"]
[White "Buijs, Gerard"]
[Black "Ishitsu, Mike"]
[Result "1-0"]
[WhiteElo "1774"]
[WhiteFideId "40111229"]
[BlackElo "1486"]
[BlackFideId "7007124"]
[Variant "Standard"]
[StudyName "ROpen 2025 - Rd8 - Boards 173-END"]
1. d4 e6 2. e4 d5 3. Nd2 Be7 4. e5 c5 5. c3 Nc6 6. Ngf3 Nh6 7. Nb3 cxd4 8. Bxh6 gxh6 9. cxd4 Rg8 10. g3 Bb4+ 11. Nbd2 Qb6 12. a3 Be7 13. Nb3 a5 14. Rb1 a4 15. Na1 Qa5+ 16. Qd2 Bd7 17. Nc2 Qxd2+ 18. Nxd2 f6 19. f4 fxe5 20. fxe5 Rc8 21. Bd3 Rg7 22. O-O h5 23. Kh1 h4 24. gxh4 Bxh4 25. Rf4 Bg5 26. Rg4 h5 27. Rg2 Bh6 28. Rxg7 Bxg7 29. Bg6+ Ke7 30. Bxh5 Rh8 31. Bg4 Nxd4 32. Nxd4 Bxe5 33. N2f3 Bf4 34. Re1 Rh6 35. Nf5+ Kf6 36. Nxh6 Bxh6 37. Nd4 1-0

[Event "Reykjavik Open 2025"]
[Site "Reykjavik"]
[Date "2025.04.14"]
[Round "8.181"]
[White "Naga, Laxmi Seelam"]
[Black "Dickson, Eric"]
[Result "1-0"]
[WhiteElo "1764"]
[WhiteFideId "25702475"]
[BlackElo "1475"]
[BlackFideId "30947820"]
[Variant "Standard"]
[StudyName "ROpen 2025 - Rd8 - Boards 173-END"]
1. e4 c5 2. Nf3 d6 3. d4 cxd4 4. Nxd4 Nf6 5. Nc3 a6 6. h3 e6 7. Be2 Be7 8. O-O O-O 9. Be3 Nbd7 10. Qd2 Qc7 11. a3 b5 12. f3 Rd8 13. Rfd1 Bb7 14. Qe1 d5 15. exd5 Nxd5 16. Nxd5 Bxd5 17. Qf2 Bc5 18. c3 Qa7 19. b4 Bb6 20. Kh1 Rac8 21. Rac1 Ne5 22. Nxb5 Bxe3 23. Nxa7 Bxf2 24. Nxc8 Rxc8 25. Bxa6 Rb8 26. c4 Ba8 27. c5 Nxf3 28. c6 Nh4 29. c7 Bxg2+ 30. Kh2 Rf8 31. c8=Q Be3 32. Rc4 g5 33. Rxh4 1-0

[Event "Reykjavik Open 2025"]
[Site "Reykjavik"]
[Date "2025.04.14"]
[Round "8.182"]
[White "Opasiak, Dustin Tennessee"]
[Black "Arnarson, Erlingur"]
[Result "1-0"]
[WhiteElo "1761"]
[WhiteFideId "24630217"]
[BlackElo "1438"]
[BlackFideId "2329867"]
[Variant "Standard"]
[StudyName "ROpen 2025 - Rd8 - Boards 173-END"]
1. Nf3 Nf6 2. g3 d5 3. Bg2 Bg4 4. d3 e6 5. Nbd2 Bb4 6. c3 Bd6 7. e4 dxe4 8. dxe4 Nc6 9. Qc2 Qe7 10. Nc4 Bxf3 11. Bxf3 Ne5 12. Nxe5 Bxe5 13. Bg2 O-O-O 14. f4 Qc5 15. Qe2 Bxc3+ 16. Kf1 Bd4 17. Bf3 e5 18. Kg2 Rhe8 19. fxe5 Bxe5 20. Be3 Qa5 21. a3 Qa4 22. Rac1 Nxe4 23. Rc4 Nxg3 24. Rxa4 Nxe2 25. Bxe2 a6 26. Rb4 Bxb2 27. Bg4+ Kb8 28. Bg5 Bxa3 29. Rc4 Be7 30. Bc1 Bd6 31. Rf1 f6 32. Rf2 c6 33. Rfc2 Re1 34. Bd2 Re7 35. Ba5 Bc7 36. Bc3 Rde8 37. Bf3 f5 38. Bd4 g5 39. Bh5 Rg8 40. Bf6 Re6 41. Bf7 Rxf6 42. Bxg8 f4 43. Kf3 h5 44. Re4 g4+ 45. Kf2 Bb6+ 46. Kf1 f3 47. Rd2 Ba5 48. Rd7 Rf8 49. Bf7 Kc8 50. Rde7 Bd8 51. Be6+ Kb8 52. Rh7 Bc7 53. Rxh5 g3 54. hxg3 Bxg3 55. Rf5 Rd8 56. Rxf3 Bc7 57. Rf7 a5 58. Bc4 b5 59. Be2 a4 60. Ree7 Rd6 61. Rxc7 a3 62. Rb7+ Kc8 63. Bg4+ Rd7 64. Rbxd7 1-0